| 000 | 00833nam0a22002531 4500 | ||
|---|---|---|---|
| 001 | rc\966228 | ||
| 005 | 20250622061313.0 | ||
| 035 | _a(NLR Aleph) 006135465 | ||
| 090 |
_a5606120 _c5606120 |
||
| 100 | _a20041129d1982 |||y0rusy50 ca | ||
| 101 | 0 | _arus | |
| 102 | _aRU | ||
| 105 | _aa ||||||||| | ||
| 200 | 1 | _aЗащита электростанций и подстанций 3-500 кВ от прямых ударов молнии | |
| 210 |
_aМ. _cЭнергоиздат _d1982 |
||
| 215 |
_a87 с. _cил. _d20 |
||
| 225 | 1 |
_aБиблиотека электромонтера _vВып. 541 |
|
| 320 | _aБиблиогр.: с. 86 (11 назв.) | ||
| 700 | 1 |
_aЮриков _bП.А. _gПавел Андреевич |
|
| 801 | 0 |
_aRU _bNLR _gpsbo |
|
| 801 | 1 |
_aRU _bELAR _2rusmarc |
|
| 852 |
_aNLR _j83-4/5425 |
||
| 942 | _cBOOK | ||
| 980 | _aNB | ||